000 00369nam a2200133Ia 4500
008 151001s9999||||xx |||||||||||||| ||und||
100 _aचंद्रकांत काकोडकर
245 _aशंकर जयकिसन
250 _a2
260 _bभारतीय पॉकेट बुक्स
260 _c1969
300 _a100
365 _b7
999 _c954789
_d954786